Faculty of Law Library — Cairo University

Official Online Catalog

La Législation Civile, Commerciale Et Criminelle De La France, Ou Commentaire Et Complément Des Codes Francais. (Record no. 74162)

MARC details
000 -LEADER
fixed length control field 02285nam a2200301 i 4500
003 - CONTROL NUMBER IDENTIFIER
control field EG-GICUC
005 - DATE AND TIME OF LATEST TRANSACTION
control field 20260429121028.0
008 - FIXED-LENGTH DATA ELEMENTS--GENERAL INFORMATION
fixed length control field 260429s1928 fr |||fr|||| 00| 0 fre d
040 ## - CATALOGING SOURCE
Original cataloging agency EG-GiCUC
Language of cataloging fre
Transcribing agency EG-GiCUC
Modifying agency EG-GiCUC
Description conventions Rda
041 ## - LANGUAGE CODE
Language code of text/sound track or separate title fre
082 04 - DEWEY DECIMAL CLASSIFICATION NUMBER
Edition number 21
Classification number 343.044
Item number LO . L
092 04 - LOCALLY ASSIGNED DEWEY CALL NUMBER (OCLC)
Edition number 21
099 ## - LOCAL FREE-TEXT CALL NUMBER (OCLC)
Classification number Law1 10 343.044 LO . L 1828
100 1# - MAIN ENTRY--PERSONAL NAME
Personal name Locré, M. Le Baron
Relator term Auteur
245 13 - TITLE STATEMENT
Title La Législation Civile, Commerciale Et Criminelle De La France, Ou Commentaire Et Complément Des Codes Francais.
Number of part/section of a work Tome Douzieme /
Statement of responsibility, etc. Par M. Le Baron Locré.
264 #1 - PRODUCTION, PUBLICATION, DISTRIBUTION, MANUFACTURE, AND COPYRIGHT NOTICE
Place of production, publication, distribution, manufacture Paris :
Name of producer, publisher, distributor, manufacturer Treuttel Et Würtz, Libraires,
Date of production, publication, distribution, manufacture, or copyright notice 1828.
300 ## - PHYSICAL DESCRIPTION
Extent 600 page ;
Dimensions 24 cm.
336 ## - CONTENT TYPE
Source rda contenu
Content type term texte
337 ## - MEDIA TYPE
Source rda medias
Media type term Ordinateur
338 ## - CARRIER TYPE
Source transporteur rda
Carrier type term Ressource en ligne
500 ## - GENERAL NOTE
General note Le Commervaike, De Is Conférence Aree Le Texte Des Codes, Et, Entre Eux, Les Procès-verbanx, En Partie Inédits, Du Conseil D'état Qui Contiennent Is Disensaiom Du Cons Cavn, Des Procès-verbans, Entirement Indir, De La Discussion Du Соня Из Соммаков, Da Cook Na Prociousa, Do Cons P'struction Categ Med Et De Cost Peraz, Des Observations, Également Inédites, De La Sестіле De Légulation Du Tribunat Sur Les Projets Des Trois Premiers Codes, Et De Celles Des Commissions Du Corps Législatif Sur Les Deux Dernices, Enfio, Des Expé De Motifs, Rapports Et Discours Falts On Prononcés, Tant Dans L'assemblé Gindeale Du Tribunst, Que Devant Le Corpe Législatif, Le Conzlemery, Des Lois Antérieures Auxquelles Les Codes Se Référent; Des Lois Ponérieures Qui Les Étendent, Les Modifient, Des Discussions Dont Ces Lois Sout Je Résultat, Des Ordonnances, Décrets, Axis Da Conseil, Et Autres Actes Du Pouvoir Exécutif Et Réglémentaire Destinés À En Procurer L'exécution. Le Tout Précédé De Protécontus, On L'on Expose, Dans Une Première Partie, Le Mode De Porter La LOI Qui Était En Usage Lors De La Confection Des Codes, Ed Quels Travaux Préparatoires Il A Produitas Où, Dans Uns Seconde, On Trace Histoire Générale De Chaque Code
546 ## - LANGUAGE NOTE
Language note Texte en français
650 14 - SUBJECT ADDED ENTRY--TOPICAL TERM
Topical term or geographic name entry element Droit Pénal
Source of heading or term qrmak
651 1# - SUBJECT ADDED ENTRY--GEOGRAPHIC NAME
Source of heading or term qrmak
856 40 - ELECTRONIC LOCATION AND ACCESS
Uniform Resource Identifier <a href="https://fll.law.cu.edu.eg/fulltext/bks/B10-11629.pdf">https://fll.law.cu.edu.eg/fulltext/bks/B10-11629.pdf</a>
905 ## - Cataloger and Reviser Names
Cataloger Name: Mayar Adel
942 ## - ADDED ENTRY ELEMENTS (KOHA)
Source of classification or shelving scheme Dewey Decimal Classification
Koha item type Books
Edition 21
Suppress in OPAC No
Holdings
Withdrawn status Lost status Source of classification or shelving scheme Damaged status Not for loan Collection Home library Current library Date acquired Total checkouts Full call number Barcode Date last seen Copy number Price effective from Koha item type
    Dewey Decimal Classification   Not for loan القانون الجنائي جــــامعة القــاهرة مكتبة كلية الحقوق - المبنى الرئيسي 29.04.2026   Law1 10 343.044 LO . L 1828 1011629 C1 B10-11629 29.04.2026 1 29.04.2026 Books

© All rights reserved — Faculty of Law, Cairo University